Can You Anagram It? Quiz Stats

Quiz Updated May 19, 2016

Also try: Words Un'GLUE'd
Challenge
Share
Tweet
Score 0/10 Timer 03:00
1 Play Today
% Correct
LOAF
90.9%
NOTE
89.2%
ROCK
85%
LAID
81.7%
NEWT
79%
KEEN
74.1%
LEWD
73.5%
VOTE
65.8%
BLOW
54.6%
IDEA
53.4%

You're not logged in!

Compare scores with friends on all Sporcle quizzes.
Join for Free
OR
Log In

You Might Also Like...

Show Comments

Extras

Top Quizzes Today


Score Distribution

Your Account Isn't Verified!

In order to create a playlist on Sporcle, you need to verify the email address you used during registration. Go to your Sporcle Settings to finish the process.

Report this User

Report this user for behavior that violates our Community Guidelines.

Details: